000 00884nam a22001697a 4500
003 OSt
005 20251201141939.0
008 251111b |||||||| |||| 00| 0 eng d
040 _cDCL
082 _a၂၉၄.၃၈၂၃၂၁
130 _aတိပိဋက။
_pသုတ္တန္တပိဋက။
_pမဇ္ဈိမနိကာယ။
_tမူလပဏ္ဏာသ၊
_lပါဠိတော်၊
_sနိဿယ။
245 _aမူလပဏ္ဏာသ ပါဠိတော်နိဿယ။
264 _aရန်ကုန် ၊
_bနိုင်ငံတော်ဗုဒ္ဓသာသနာအဖွဲ့၊
_c၁၉၆၁။
300 _aဃ၊ ၄၃၇ စာမျက်နှာ ၊
_c၂၅ စင်တီ။
650 _aမူလပဏ္ဏာသ
_vပါဠိတော် နိဿယ။
942 _2ddc
_cSHORT TERM
_n0
999 _c2457
_d2457